Summierung unendlich Kleiner grossen : (Einfuhrung in die Integralrechnung)

Αποθηκεύτηκε σε:
Λεπτομέρειες βιβλιογραφικής εγγραφής
Κύριος συγγραφέας: Natanson, I. P. (Isidor Pavlovich)
Μορφή: Βιβλίο
Γλώσσα:German
Δημοσίευση: Berlin : VEB Deutscher Verlag der Wissenschaften, 1955
Σειρά:Kleine Erganzungsreihe zu den Hochschulbuchern fur Mathematik ; 12
Θέματα:
Ετικέτες: Προσθήκη ετικέτας
Δεν υπάρχουν, Καταχωρήστε ετικέτα πρώτοι!

MARC

LEADER 00000cam a2200000 a 4500
001 1/107948
008 150817s1955####gw | ||| |||| ||ger||
040 |a GR-MyUa  |b gre  |c GR-MyUa  |e AACR2 
041 0 |a ger 
082 7 |a 515.43   |2 (23) 
100 1 |a Natanson, I. P.   |q (Isidor Pavlovich) 
245 1 0 |a Summierung unendlich Kleiner grossen :   |b (Einfuhrung in die Integralrechnung) /   |c von I. P. Natanson. 
260 |a Berlin :   |b VEB Deutscher Verlag der Wissenschaften,   |c 1955 
300 |a 60 σ. :   |b σχέδια ;   |c 21 εκ.  
490 1 |a (Kleine Erganzungsreihe zu den Hochschulbuchern fur Mathematik)   |v ; 12 
650 0 |a Integrals. 
650 0 |a Integrals  |x Problems, exercises, etc. 
650 0 |a Kleinian groups. 
830 0 |a Kleine Erganzungsreihe zu den Hochschulbuchern fur Mathematik ;  |v  12 
852 |a INST  |b SAMOS  |c MAG  |e 20150817  |h 515.43 NAT  |p 005300034869  |q 005300034869  |t BK  |y 0 
970 |a Σιτζίμη  |b Γιασεμή  |z 17/08/2015